Erfolgreichste Filme der 80er nach Haupthelden - Statistiken

Allgemein
  • Dieses Quiz wurde 175 mal gespielt
    46 seit der letzten Aktualisierung
  • Das Durchschnittsergebnis liegt bei 12 aus 20
Antwortstatistiken
Bildquiz Hint Antwort % Korrekt
Pat Welsh (Stimme) E.T. – Der Außerirdische
97%
Otto Waalkes Otto – Der Film
92%
Mark Hamill Star Wars
92%
Michael J. Fox Zurück in die Zukunft
92%
Roger Moore James Bond
84%
Jennifer Grey Dirty Dancing
81%
Steve Guttenberg Police Academy
78%
Tom Cruise Top Gun – Sie fürchten weder Tod noch Teufel
78%
Paul Hogan Crocodile Dundee – Ein Krokodil zum Küssen
76%
Keith Mitchell (Junges), Mickey Rooney (adult) Cap und Capper
65%
Sean Connery Der Name der Rose
65%
Loriot Ödipussi
43%
Barret Oliver Die unendliche Geschichte
41%
Meryl Streep Jenseits von Afrika
38%
Heiner Lauterbach, Uwe Ochsenknecht Männer
38%
Tom Cruise Rain Man
32%
Dustin Hoffman Tootsie
32%
Michael Douglas Eine verhängnisvolle Affäre
27%
Bob Hoskins Falsches Spiel mit Roger Rabbit
24%
Burt Reynolds Auf dem Highway ist die Hölle los
16%
Keine übereinstimmenden Quizze gefunden
Verteilung der Resultate
Anzahl Personen mit jedem Resultat
Perzentil nach korrekt beantworteten Fragen
Ihre Resultats-Entwicklung
Sie haben dieses Quiz seit der letzten Aktualisierung nicht gespielt